| 000 | 01009nam a2200277 i 4500 | ||
|---|---|---|---|
| 001 | 000030225 | ||
| 003 | DO-SdBNP | ||
| 005 | 20250204094734.0 | ||
| 007 | ta | ||
| 008 | 110505s1934 dr cg 000 0 spa d | ||
| 040 |
_aDO-SdBNP _bspa _cBNPHU _erda |
||
| 082 | 4 |
_axxx _bR252c _222 |
|
| 100 | 1 |
_aRavelo, José de Jesús, _eautor _4aut. _956916 |
|
| 245 | 1 | 0 |
_aHistoria de los himnos dominicanos / _cJosé de Jesús Ravelo. |
| 264 | 1 |
_aSanto Domingo _bEditora La Nación _c1934. |
|
| 300 |
_a44 páginas : _bretratos ; partituras ; _c23 cm. |
||
| 336 |
_atexto _btxt _2rdacontent |
||
| 337 |
_asin mediación _bn _2rdamedia |
||
| 338 |
_avolumen _bnc _2rdacarrier |
||
| 500 | _aConferencia leida en el ateneo dominicano el 25 de febrero de 1934, día de la escuela y aniversario del natalicio del procer Ramón Matías Mella. | ||
| 590 | _aInventariado, 2023 / DG | ||
| 650 | 4 |
_aMúsica dominicana _91340 |
|
| 650 | 4 |
_aOrquestas de bailables _zRepública Dominicana _983086 |
|
| 910 | _aDG | ||
| 942 |
_2ddc _cLF2 |
||
| 999 |
_c29717 _d29717 |
||